Statistics for Biggest Cities in G7 Countries

Click here to take the quiz!

General Stats

  • This quiz has been taken 90 times
  • The average score is 41 of 52

Answer Stats

# Population G7 Country City % Correct
139.9 m
Tokyo
100%
222.2 m
New York City
99%
611.3 m
Paris
99%
317.7 m
Los Angeles
97%
514.6 m
London
97%
137.30 m
Toronto
97%
89.75 m
Chicago
97%
107.80 m
San Francisco
96%
293.60 m
Rome
96%
392.73 m
Vancouver
94%
317.7 m
Osaka
94%
166.25 m
Miami
94%
224.63 m
Berlin
93%
264.20 m
Montréal
93%
98.50 m
Washington, D.C.
92%
117.60 m
Boston
92%
156.50 m
Houston
92%
333.10 m
Birmingham
90%
146.90 m
Dallas
90%
205.15 m
Milan
90%
175.70 m
Detroit
90%
244.28 m
Seattle
89%
372.83 m
Hamburg
89%
363.03 m
Manchester
88%
175.70 m
Atlanta
88%
127.35 m
Philadelphia
86%
254.23 m
Naples
85%
472.25 m
Munich
83%
303.33 m
San Diego
82%
234.50 m
Phoenix
81%
283.65 m
Denver
81%
323.23 m
Frankfurt am Main
79%
482.20 m
Las Vegas
76%
333.10 m
Minneapolis
76%
502.15 m
San Antonio
71%
502.15 m
Leeds
71%
353.05 m
Cleveland
69%
710.5 m
Nagoya
69%
313.28 m
Orlando
68%
412.50 m
Sapporo
67%
422.38 m
Portland
64%
264.20 m
Tampa
64%
452.35 m
St. Louis
64%
422.38 m
Stuttgart
63%
382.75 m
Cincinnati
58%
422.38 m
Charlotte
58%
522.05 m
Pittsburgh
54%
452.35 m
Salt Lake City
47%
402.70 m
Fukuoka
46%
522.05 m
Sacramento
43%
482.20 m
Okayama
11%
522.05 m
Kitakyushu
11%

Score Distribution

Percentile by Number Answered

Percent of People with Each Score

Your Score History

You have not taken this quiz